Memoria inédita : (Record no. 6773)
[ view plain ]
| 000 -CABECERA | |
|---|---|
| campo de control de longitud fija | 00669cam a2200193 a 4500 |
| 001 - NÚMERO DE CONTROL | |
| campo de control | 000006989 |
| 005 - FECHA Y HORA DE LA ÚLTIMA TRANSACCIÓN | |
| campo de control | 20200929154035.0 |
| 008 - DATOS DE LONGITUD FIJA--INFORMACIÓN GENERAL | |
| campo de control de longitud fija | 980811s1995 cu a 001 0dspa d |
| 020 ## - NÚMERO INTERNACIONAL ESTÁNDAR DEL LIBRO | |
| ISBN cancelado o inválido | 95970540305 |
| 040 ## - FUENTE DE LA CATALOGACIÓN | |
| Centro catalogador/agencia de origen | DO-SdBNP |
| Centro/agencia transcriptor | PL# |
| Centro/agencia modificador | PIT |
| -- | DLC |
| 082 ## - NÚMERO DE LA CLASIFICACIÓN DECIMAL DEWEY | |
| Número de clasificación | 923.291 |
| Número de documento/Ítem | M338B |
| 100 1# - ENTRADA PRINCIPAL--NOMBRE DE PERSONA | |
| Nombre de persona | Báez, Luis |
| Forma completa/desarrollada del nombre | (Luis Báez Hernández), |
| Fechas asociadas al nombre | 1936- |
| 9 (RLIN) | 19438 |
| 245 10 - MENCIÓN DE TÍTULO | |
| Título | Memoria inédita : |
| Resto del título | conversaciones con Juan Marinello / |
| Mención de responsabilidad, etc. | Luis Báez. |
| 260 ## - PUBLICACIÓN, DISTRIBUCIÓN, ETC. | |
| Lugar de publicación, distribución, etc. | La Habana : |
| Nombre del editor, distribuidor, etc. | Si-Mar, |
| Fecha de publicación, distribución, etc. | 1995. |
| 300 ## - DESCRIPCIÓN FÍSICA | |
| Extensión | ix, 204 p. : |
| Otras características físicas | il. ; |
| Dimensiones | 21 cm. |
| 600 10 - PUNTO DE ACCESO ADICIONAL DE MATERIA--NOMBRE DE PERSONA | |
| Nombre de persona | MARINELLO, JUAN, |
| Fechas asociadas al nombre | 1898-1977 |
| Subdivisión general | ENTREVISTAS |
| 9 (RLIN) | 19439 |
| 650 #4 - PUNTO DE ACCESO ADICIONAL DE MATERIA--TÉRMINO DE MATERIA | |
| Término de materia o nombre geográfico como elemento de entrada | Autores cubanos, |
| Subdivisión cronológica | SIGLO XX |
| Subdivisión general | Entrevistas |
| 9 (RLIN) | 17016 |
| 910 ## - DATOS DE OPCIÓN DEL USUARIO (OCLC) | |
| Datos de opción del usuario | Catalogación por copia / LC |
| Estado de retiro | Estado de pérdida | Restricciones de uso | No para préstamo | Código de colección | Localización permanente | Ubicación/localización actual | Ubicación en estantería | Fecha de adquisición | Número de inventario | Total de préstamos | Signatura topográfica completa | Código de barras | Fecha visto por última vez | Precio válido a partir de | Tipo de ítem Koha |
|---|---|---|---|---|---|---|---|---|---|---|---|---|---|---|---|
| Préstamo interno | Monografías: Libros y Folletos | General | General | En catalogación | 03.09.2009 | LF1 | 923.291 M338B | 6989-10 | 25.06.2020 | 25.06.2020 | Préstamo interno |
